000
00208 a2200109 4500
020
_a
9789681855857
041
_a
spa
100
_a
Janice VanCleave
245
_a
Feria de Ciencia
942
_c
BK
952
_7
1
999
_c
22363
_d
22363